000 00934nac a22002777a 4500
001 BR8203446
003 BR-BrBNA
005 20240105115347.0
008 230509b bl.|||m| |||| 00| 0 por d
040 _aBR-BrBNA
_bpor
_cBiblioteca Nacional de Agricultura
072 _aF00
090 _a2480 BR8203446
100 1 _aMoraes, V.H.F.
110 1 _aCentro Nacional de Pesquisa da Seringueira e Dende, Manaus, AM (Brasil)
245 1 _aTecnica de aplicacao de colchicina no meristema apical do caule de seringueira para a obtencao de poliploides
260 3 _aManaus, AM (Brasil):
_c1982.
300 _a3 p.
490 _aPesquisa em Andamento - Centro Nacional de Pesquisa da Seringueira e Dende (Brazil)
_vno. 5
_x
650 _aSERINGUEIRA
650 _aCLONE
650 _aMERISTEMA
650 _aCAULE
650 _aMELHORAMENTO VEGETAL
909 _a202312
_bLúcia Elande
_c55
_dLúcia Elande
942 _2AGRIS
_n0
_cMS
999 _c274488
_d274488